<?xml version="1.0" encoding="UTF-8"?>
<marc:record xmlns:marc="http://www.loc.gov/MARC21/slim">
   <marc:leader>00000nam a2200000 a 4500</marc:leader>
   <marc:datafield ind1="1" ind2=" " tag="100">
      <marc:subfield code="a">Wieslander, Jujja und Tomas</marc:subfield>
      <marc:subfield code="4">aut</marc:subfield>
      <marc:subfield code="e">Verfasser/-in</marc:subfield>
   </marc:datafield>
   <marc:datafield ind1="1" ind2=" " tag="100">
      <marc:subfield code="a">Ill. von Sven Nordqvist</marc:subfield>
      <marc:subfield code="4">aut</marc:subfield>
      <marc:subfield code="e">Verfasser/-in</marc:subfield>
   </marc:datafield>
   <marc:datafield ind1="0" ind2="0" tag="245">
      <marc:subfield code="a">Mama Muh schaukelt; Aus dem Schwedischen von Angelika Kutsch</marc:subfield>
   </marc:datafield>
   <marc:datafield ind1="0" ind2="0" tag="245">
      <marc:subfield code="c">Jujja und Tomas Wieslander ; Ill. von Sven Nordqvist</marc:subfield>
   </marc:datafield>
   <marc:datafield ind1=" " ind2="1" tag="264">
      <marc:subfield code="a">Hamburg</marc:subfield>
      <marc:subfield code="b">Friedrich Oetinger Verlag</marc:subfield>
      <marc:subfield code="c">1998</marc:subfield>
   </marc:datafield>
   <marc:datafield ind1=" " ind2=" " tag="250">
      <marc:subfield code="a">1.</marc:subfield>
   </marc:datafield>
   <marc:datafield ind1="1" ind2=" " tag="520">
      <marc:subfield code="a">Immer nur rumstehen und kauen und in die Gegend glotzen, das geht ja auf keine Kuhhaut! Auch  wenn die Sonne scheint, die Vögel zwitschern,  die Fliegen surren und die anderen Kühe alle auf der Weide grasen. Mama Muh hat Höheres im Sinn: Mama Muh will schaukeln. Schaukeln, daß ihr der Wind um die Ohren pfeift. Aber das ist gar nicht so einfach - wenn man eine Kuh ist...</marc:subfield>
   </marc:datafield>
   <marc:datafield ind1=" " ind2=" " tag="300">
      <marc:subfield code="a">S.22</marc:subfield>
   </marc:datafield>
</marc:record>
